Bilecik Bilecik Bilecik Bilecik Bilecik

Fısıltı / (Record no. 41454)

MARC details
000 -BAŞLIK
Sabit Uzunluktaki Kontrol Alanı 00972nam a22003257a 4500
001 - KONTROL NUMARASI
Control Dosyası 0041604
003 - KONTROL NUMARASI KİMLİĞİ
Kontrol Alanı KOHA_MİRAKIL
005 - EN SON İŞLEM TARİHİ ve ZAMANI
Kontrol Alanı 20260207003243.0
007 - FİZİKSEL TANIM SABİT ALAN - GENEL BİLGİ
Sabit uzunluklu kontrol alanı ta
008 - SABİT UZUNLUKTAKİ VERİ ÖGELERİ - GENEL BİLGİ
Sabit Alan 141127b2013 tu |||gr||||#||||1|tur |
020 ## - ISBN - ULUSLARARASI STANDART KİTAP NUMARASI
Isbn 9786054456000
040 ## - KATALOGLAMA KAYNAĞI
Özgün Kataloglama Kurumu TR-BiSEU
Kataloglama Dili tur
Çeviri Kurumu TR-BiSEU
Açıklama Kuralları rda
041 0# - DİL KODU
Metin ya da ses kaydının dil kodu tur
044 ## - YAYINLAYAN/ÜRETEN KURULUŞUN ÜLKE KODU
ISO country code tu
050 ## - SINIFLAMA ve YER NUMARASI
Sınıflama Numarası PS3606.F58
Yer Numarası F57 2013
100 1# - KİŞİ ADI
Yazar Adı (Kişi adı) Fitzpatrick, Becca.
245 1# - ESER ADI BİLDİRİMİ
Başlık Fısıltı /
Sorumluluk Bildirimi Becca Fitzpatrick ; Becca Fitzpatrick ; çeviren Sevinç Tezcan Yanar.
250 ## - BASIM BİLDİRİMİ
Basım Bildirimi 7. Baskı
264 #1 - ÜRERİM, YAYIN, DAĞITIM ve TELİF BİLDİRİMİ
Yayın yeri İstanbul :
Yayınlayan Pegasus Yayınları
Yayın tarihi 2013
300 ## - FİZİKSEL TANIMLAMA
Sayfa, Cilt vb. 415 sayfa ;
Boyutları
336 ## - İÇERİK TÜRÜ
Content type term metin
Content type code txt
Source rdacontent
337 ## - MEDYA TÜRÜ
Media type term aracısız
Media type code n
Source rdamedia
338 ## - TAŞIYICI TÜRÜ
Carrier type term cilt
Carrier type code nc
Source rdacarrier
490 1# - DİZİ BİLDİRİMİ
Dizi Bildirimi Pegasus yayınları ;
Cilt Numarası 285.
490 1# - DİZİ BİLDİRİMİ
Dizi Bildirimi Bestseller roman ;
Cilt Numarası 108
500 ## - GENEL NOT
Genel Not Özgün adı : Hush Hush
830 1# - SERİ EK GİRİŞİ - TEKBİÇİM ESER ADI
Tekbiçim Başlık Pegasus yayınları ;
Volume number/sequential designation 285.
9 (RLIN) 22917
830 1# - SERİ EK GİRİŞİ - TEKBİÇİM ESER ADI
Tekbiçim Başlık Bestseller roman ;
Volume number/sequential designation 108
9 (RLIN) 68985
942 ## - EK GİRİŞ ÖGELERİ (KOHA)
Source of classification or shelving scheme Library of Congress Classification
Koha item type Book
Holdings
Materyal Türü Kalıcı Konum Mevcut Konum Raf Yeri Sınıflandırma Kaynağı Edinim Bilgisi Ana Konular Alt Konular Yer Numarası Demirbaş Numarası Fatura Tarihi Maliyet, Alış Fiyatı Maliyet, Yenileme Fiyatı Geri Çekilme Durumu Kayıp Durumu Hasarlı Durumu Kredi için değil Kayıt Tarih Toplam Ödünçverme Son Görülme Tarihi Son Kontrol Tarihi Satın Alma Notu Genel / Bağış Notu
Book Prof. Dr. Azmi Özcan Kütüphanesi Prof. Dr. Azmi Özcan Kütüphanesi Birûni Salonu Library of Congress Classification Satın DİL VE EDEBİYAT Amerikan Edebiyatı PS3606.F58 F57 2013 0041604 24/09/2013 16.10 16.10         30/07/2013 45 05/12/2024 05/12/2024 73291-73383 (92 sayfa)  
Book Prof. Dr. Azmi Özcan Kütüphanesi Prof. Dr. Azmi Özcan Kütüphanesi Birûni Salonu Library of Congress Classification Bağış DİL VE EDEBİYAT Amerikan Edebiyatı PS3606.F58 F57 2013 0046761 02/02/2026             27/11/2014 55 05/12/2024 05/12/2024   Şehmin Ayar